Responses for Show #4348 - Wednesday, June 25, 2003

Seth Alcorn game 1.

Contestants

[<< previous game]

Rene Bender, a substitute teacher from Moreno Valley, California

Seth Alcorn, a bookseller from Placentia, California

Jay Marks, an emergency physician from Little Rock, Arkansas (whose 1-day cash winnings total $25,000)

[next game >>]

Jeopardy! Round responses

FIRST NOVELS
SONGS
COUNTRIES' NO. 1 EXPORTS
GRAVE MATTERS
A JUNE WEDDING CATEGORY
GOING TOPLESS
    $200 2
Carrie

Rene
    $200 13
"Lucy In The Sky With Diamonds"

Jay
    $200 14
(Rene: What are vanilla beans?)
(Jay: What are mocha beans?)

chocolate

JayRene
Triple Stumper
    $200 12
Elvis Presley

Seth
    $200 7
the heart

Rene
    $200 1
gold (to old)

Rene
    $400 3
The Joy Luck Club

Rene
    $400 19
Peter, Paul and Mary

Jay
    $400 27
(Seth: What is caramel?)
...
(Alex: Rene, now was the time for [*]!)

vanilla

Seth
Triple Stumper
    $400 15
Mathew Brady

Rene
    $400 8
(Seth: What is the processional?)

the recessional

SethRene
    $400 23
(Jay: What is rain?)
...
(Alex: With less than a minute to go now.)

grain (to rain)

JayRene
    $600 4
F. Scott Fitzgerald

Rene
    $600 20
"My Crazy Life"

Rene
    $600 28
[The end-of-round signal sounds.]

coffee

Rene
    $600 16
Jim Thorpe

Jay
    $600 9
the Temple

Rene
    $600 24
drum (to rum)

Rene
    $800 5
Sue Grafton

Triple Stumper
    $800 21
Bone Thugs-n-Harmony

Seth
    $800 17
J. Paul Getty

Rene
    $800 10
chapel

Rene
    $800 25
Spain (to pain)

Triple Stumper
    $1,400 6
The Great Santini

Rene
    $1000 22
(Jay: Who is Bread?)
(Rene: Who are The Rolling Stones?)

the Bay City Rollers

JayRene
Triple Stumper
    $1000 18
Robert Browning

Rene
    $1000 11
broom (or broomstick)

Seth
    $1000 26
cloud (to loud)

Rene

Scores at the first commercial break (after clue 14):

Jay Seth Rene
$0 $800 $4,600

Scores at the end of the Jeopardy! Round:

Jay Seth Rene
-$400 $1,200 $9,000

Double Jeopardy! Round responses

THE '76ers
THE WIZARDS
THE GRIZZLIES
THE ROCKETS
THE "SUN"s
(Alex: And finally, it's all about...)
PRO BASKETBALL
    $400 23
Olympic Games

Rene
    $400 2
owls

Seth
    $400 16
Alaska

Jay
    $400 7
China

Rene
    $400 1
"The Sundance Kid"

Seth
    $400 18
Tel Aviv

Jay
    $800 24
Amy Carter

Seth
    $800 3
Merlin

Rene
    $800 17
hibernation

Jay
    $800 12
White Sands

Seth
    $800 8
Sun Valley

Rene
    $800 19
Kobe Bryant

Rene
    $1200 25
(Alex: And we have a minute to go.)

Harvard Lampoon

Rene
    $1200 4
L. Frank Baum

Rene
    $1200 28
Thomas Jefferson

Jay
    $1200 13
retrorockets

Jay
    $1200 9
The Sun Also Rises

Rene
    $1200 20
Yao Ming

Rene
    $1600 26
Greenwich

Seth
    $1,000 5
(Rene: Who is Ceres?)

Gaea

Rene
    $1600 29
brown bears

Rene
    $1600 14
Saturn rockets

Jay
    $1600 10
Sunni

Seth
    $1600 21
the ABA (American Basketball Association)

Jay
    $10,800 27
(Alex: You're in the lead... now you don't know what to do!)

Avignon

Seth
    $2000 6
Ursula K. Le Guin

Seth
    $2000 30
salmon

Seth
    $2000 15
European Space Agency

Seth
    $2000 11
John Sununu

Rene
    $2000 22
Lisa Leslie

Rene

Scores at the end of the Double Jeopardy! Round:

Jay Seth Rene
$6,800 $23,600 $21,600

[wagering suggestions for these scores]

Final Jeopardy! Round responses

TELEVISION
(Alex: Seth is a little overwhelmed, I think, but he'll relax & be ready to go again tomorrow!)
JayWho Ken Burns
$6,800
ReneWho is Brutus Chieftain?
$21,500
SethWho is Burns?
$18,500
Ken Burns

Final scores:

Jay Seth Rene
$13,600 $42,100 $100
2nd place: $2,000 New champion: $42,100 3rd place: $1,000

Game dynamics:

Coryat scores:

Jay Seth Rene
$6,800 $14,800 $22,200
10 R,
3 W
13 R
(including 1 DD),
2 W
29 R
(including 1 DD),
3 W
(including 1 DD)

Combined Coryat: $43,800

[game clues] [game scores] [suggest correction]

Game tape date: 2003-02-25
The J! Archive is created by fans, for fans. Scraping, republication, monetization, and malicious use prohibited; this site may use cookies and collect identifying information. See terms. The Jeopardy! game show and all elements thereof, including but not limited to copyright and trademark thereto, are the property of Jeopardy Productions, Inc. and are protected under law. This website is not affiliated with, sponsored by, or operated by Jeopardy Productions, Inc. Join the discussion at JBoard.tv.